La renaissance catholique en Anglaterre au XIX siécle
Uloženo v:
| Hlavní autor: | |
|---|---|
| Médium: | Kniha |
| Jazyk: | francouzština |
| Vydáno: |
París
Plon
1913
|
| Témata: | |
| Tagy: |
Přidat tag
Žádné tagy, Buďte první, kdo vytvoří štítek k tomuto záznamu!
|
MARC
| LEADER | 00000nam a2200000 a 4500 | ||
|---|---|---|---|
| 001 | UCO0400 | ||
| 003 | CL-VaPUC | ||
| 008 | 000420e19130000FR |||||||||||||||||fre|d | ||
| 082 | 0 | 4 | |a 942.081 |b THU |2 21 |
| 100 | 0 | |a Thureau-Dangin, Paul |e author |9 441656 | |
| 245 | 1 | 3 | |a La renaissance catholique en Anglaterre au XIX siécle |
| 300 | |a v | ||
| 942 | |c BK | ||
| 945 | |d 20000420 00:00:00 |a rherrera | ||
| 260 | |a París |b Plon |c 1913 | ||
| 500 | |a v.1: Newman et le Mouvement D'Oxford | ||
| 500 | |a v.2: De la Conversion de Newman a la Mort de Wiseman | ||
| 500 | |a v.3: De la Mort de Wiseman a la Morte de Manning 1865-1892 | ||
| 650 | 7 | |a HISTORIA DE INGLATERRA SIGLO 19 |2 CL-VaPUC |9 420874 | |
| 650 | 0 | |a Reforma católica |9 432937 | |
| 651 | 0 | |a Inglaterra |9 255158 | |
| 583 | |a last modification |c 20160829 12:32:55 |k Rodrigo Vera | ||
| 999 | |c 287111 |d 287109 | ||
| 952 | |0 0 |1 0 |4 0 |6 942_081000000000000_THU_1913 |7 0 |8 X |9 333531 |a BIBHIS |b BIBHIS |d 2019-11-20 |h v.1 |i 1265717 |o 942.081 THU 1913 |p 1265717 |r 2024-01-30 |w 2019-11-20 |y BK_X |k HIS | ||